Chemical Elements Word Morph - Statistics

General Stats
  • This quiz has been taken 28 times
  • The average score is 4 of 30
Answer Stats
Hint Answer % Correct
element with an atomic number of 1 hydrogen
100%
remove: r, h, g add: i, n, m(x2), u neodymium
26%
remove: b, o, i add: a, h, f hafnium
16%
remove: m, o, d, y add: p, u, n, t neptunium
16%
remove: l, e add: i niobium
16%
remove: n, u, t, p add: b, l, o nobelium
16%
remove: g, r, e add: y, a, m antimony
11%
remove: c, h, e(x2), n add: s, d(x2), m, a(x2), r darmstadtium
11%
remove: o, n, t, e add: a, m germanium
11%
remove: r, n add: l helium
11%
remove: a, g add: i, t, e meitnerium
11%
remove: a, f add: i, o, n nihonium
11%
remove: i, u, m(x2), e add: n, g, o nitrogen
11%
remove: i, t add: l, p platinum
11%
remove: a add: o, u plutonium
11%
remove: u, l add: c, i, t, a, r protactinium
11%
remove: n, o, i add: e, r rhenium
11%
remove: i, c, t, a, p add: e(x2), g, n roentgenium
11%
remove: l add: n, e, c, t(x2) technetium
11%
remove: s, a, m, d(x2), r, add: i, n titanium
11%
remove: s, e(x2), g add: h, u, l, t lanthanum
5%
remove: n(x2), a(x2) add: i(x2) lithium
5%
remove: i, n, e, t, s add: g, m, a(x2) manganese
5%
remove: l(x2), a add: d, o, r(x3), f, u, e rutherfordium
5%
remove: b, y, e add: o, n, s strontium
5%
remove: m, o, u, r, t add: s, e(x3), n(x2) tennessine
5%
remove: u add: l, a thallium
5%
remove: i add: u thulium
5%
remove: h, r(x3), o, m, u(x2), d, e, f add: n tin
5%
remove: o, a, t, n(x2) add: b, u, t(x2), e, r, ytterbium
5%
No matching quizzes found
Score Distribution
Percent of People with Each Score
Percentile by Number Answered
Your Score History
You have not taken this quiz